000
00255nam a2200097Ia 4500
008
220204s9999 xx 000 0 und d
082
_a
63(058)
_b
FOO
245
0
_a
Food for us all: The yearbook of agriculture. 1969
260
_a
USA
_b
USDA
_c
1969
942
_c
BK
999
_c
21910
_d
21910